Circles Tracklist (Mac Miller) - Statistics

General Stats
  • This quiz has been taken 34 times
  • The average score is 11 of 14
Answer Stats
Hint Answer % Correct
4 Good News
100%
1 Circles
97%
3 Blue World
90%
8 Hand Me Downs
83%
7 Woods
83%
2 Complicated
80%
11 Surf
80%
6 Everybody
77%
12 Once A Day
70%
13 Right
67%
9 That's On Me
67%
10 Hands
63%
5 I Can See
63%
14 Floating
60%
No matching quizzes found
Score Distribution
Percent of People with Each Score
Percentile by Number Answered
Your Score History
You have not taken this quiz